[Event "San Francisco TNM Fall op"]
[Site "San Francisco"]
[Date "2017.11.28"]
[Round "6"]
[White "Revi, Frank"]
[Black "Olson, David R"]
[Result "0-1"]
[WhiteElo "1232"]
[BlackElo "1400"]
[PlyCount "62"]
[EventDate "2017.10.24"]
[EventType "swiss"]
[EventRounds "9"]
[EventCountry "USA"]
[SourceTitle "EXT 2023"]
[Source "ChessBase"]
[SourceDate "2022.10.05"]
[SourceVersion "1"]
[SourceVersionDate "2022.10.05"]
[SourceQuality "1"]

1. d4 Nf6 2. c4 e6 3. Nc3 Bb4 4. Bf4 Ne4 5. Qc2 Nxf2 6. Kxf2 Qf6 7. Nf3 Qxf4 8. e3 Qh6 9. Be2 0-0 10. Ne4 Nc6 11. c5 b6 12. a3 Ba5 13. b4 Bxb4 14. axb4 Nxb4 15. Qc4 Nd5 16. cxb6 Qxe3+ 17. Ke1 Qxe4 18. bxc7 Bb7 19. Qb5 Bc6 20. Qb3 Nxc7 21. Kf2 Rfb8 22. Qc4 Bb5 23. Qxc7 Qxe2+ 24. Kg3 a6 25. Rac1 h6 26. Qf4 Bc6 27. Rhe1 Qa2 28. Re3 Rb2 29. Rf1 Rxg2+ 30. Kh3 Rf8 31. Nh4 g5 0-1

[Event "San Francisco TNM Fall op"]
[Site "San Francisco"]
[Date "2017.10.31"]
[Round "2"]
[White "Boldi, Ethan Vaughn"]
[Black "Olson, David R"]
[Result "1-0"]
[WhiteElo "1892"]
[BlackElo "1400"]
[PlyCount "65"]
[EventDate "2017.10.24"]
[EventType "swiss"]
[EventRounds "9"]
[EventCountry "USA"]
[SourceTitle "EXT 2023"]
[Source "ChessBase"]
[SourceDate "2022.10.05"]
[SourceVersion "1"]
[SourceVersionDate "2022.10.05"]
[SourceQuality "1"]

1. e4 e5 2. Nf3 Nc6 3. Bc4 Nf6 4. Ng5 d5 5. exd5 Nxd5 6. Nxf7 Kxf7 7. Qf3+ Qf6 8. Bxd5+ Be6 9. Bxc6 bxc6 10. Qxc6 Bd6 11. Nc3 Rab8 12. Ne4 Qg6 13. d3 Rb6 14. Nxd6+ cxd6 15. Qe4 Bf5 16. Qf3 Rc8 17. h3 Kg8 18. h4 Rxc2 19. h5 Qg4 20. Qxg4 Bxg4 21. b3 Re2+ 22. Kf1 Rc2 23. Be3 Rbc6 24. Kg1 R6c3 25. Rh4 Be6 26. d4 exd4 27. Rxd4 d5 28. Ra4 Kf7 29. Rxa7+ Kf8 30. Re1 Rd3 31. Bg5 h6 32. Be7+ Kf7 33. Bh4+ 1-0

[Event "San Francisco Grey Memorial"]
[Site "San Francisco"]
[Date "2017.08.22"]
[Round "3"]
[White "Olson, David R"]
[Black "Baer, Michael"]
[Result "0-1"]
[WhiteElo "1400"]
[BlackElo "1354"]
[PlyCount "76"]
[EventDate "2017.08.08"]
[EventType "swiss"]
[EventRounds "9"]
[EventCountry "USA"]
[SourceTitle "EXT 2023"]
[Source "ChessBase"]
[SourceDate "2022.10.05"]
[SourceVersion "1"]
[SourceVersionDate "2022.10.05"]
[SourceQuality "1"]

1. e4 c5 2. Nf3 d6 3. Bb5+ Nd7 4. Nc3 a6 5. Be2 g6 6. 0-0 Bg7 7. d4 cxd4 8. Nxd4 Ngf6 9. f4 0-0 10. Be3 Nc5 11. Bf3 Qc7 12. Qd2 Ng4 13. Bxg4 Bxg4 14. h3 Bd7 15. Nd5 Qd8 16. f5 Nxe4 17. Qd3 Nf6 18. Nf4 Qc8 19. Nfe2 Nd5 20. Bd2 Nf6 21. c3 b5 22. Rae1 Qb7 23. Ng3 Rae8 24. Rf2 Bc8 25. Bc1 Qd5 26. a3 Nd7 27. Qd1 Ne5 28. Rd2 Qb7 29. h4 h5 30. Nxh5 gxh5 31. Qxh5 e6 32. Re3 exf5 33. Rg3 Qe4 34. Re2 Qb1 35. Qh6 Ng4 36. Qg5 Rxe2 37. Nxe2 Qc2 38. Kf1 Qd1# 0-1

[Event "San Francisco TNM Winter op"]
[Site "San Francisco"]
[Date "2017.01.31"]
[Round "5"]
[White "Olson, David R"]
[Black "Boldi, Nicholas Armen"]
[Result "1/2-1/2"]
[WhiteElo "1374"]
[BlackElo "1277"]
[PlyCount "44"]
[EventDate "2017.01.03"]
[EventType "swiss"]
[EventRounds "8"]
[EventCountry "USA"]
[SourceTitle "EXT 2018"]
[Source "ChessBase"]
[SourceDate "2017.10.13"]
[SourceVersion "1"]
[SourceVersionDate "2017.10.13"]
[SourceQuality "1"]

1. Nf3 Nc6 2. c4 e5 3. Nc3 d6 4. g3 Nf6 5. Bg2 Be6 6. e3 Bxc4 7. d3 Be6 8. 0-0 Be7 9. Ng5 Bc8 10. b3 a6 11. Bb2 h6 12. Nf3 Be6 13. Rc1 Qd7 14. Ne4 0-0-0 15. d4 Bxb3 16. Nxf6 Bxd1 17. Nxd7 Bxf3 18. Bxf3 Rxd7 19. Bg4 Bg5 20. Bxd7+ Kxd7 21. Rcd1 Re8 22. d5 Na7 1/2-1/2

[Event "San Francisco TNM Winter op"]
[Site "San Francisco"]
[Date "2017.01.24"]
[Round "4"]
[White "Simpkins, Jerry"]
[Black "Olson, David R"]
[Result "1-0"]
[WhiteElo "1602"]
[BlackElo "1374"]
[PlyCount "47"]
[EventDate "2017.01.03"]
[EventType "swiss"]
[EventRounds "8"]
[EventCountry "USA"]
[SourceTitle "EXT 2018"]
[Source "ChessBase"]
[SourceDate "2017.10.13"]
[SourceVersion "1"]
[SourceVersionDate "2017.10.13"]
[SourceQuality "1"]

1. e4 e5 2. Nf3 Nc6 3. Bc4 d6 4. Nc3 Nf6 5. Ng5 Be6 6. Bxe6 fxe6 7. Nxe6 Qd7 8. Nd5 Kf7 9. Ng5+ Kg8 10. Nxf6+ gxf6 11. Nh3 h5 12. d3 Qg7 13. 0-0 Nd4 14. c3 Ne6 15. f4 Rd8 16. Qb3 Qf7 17. fxe5 dxe5 18. Rf3 Bc5+ 19. Kh1 Kh7 20. Bg5 Be7 21. Raf1 Qg8 22. Bxf6 Bxf6 23. Rxf6 Nf4 24. Rf7+ 1-0

[Event "San Francisco TNM Winter op"]
[Site "San Francisco"]
[Date "2016.02.02"]
[Round "5"]
[White "Baterdene, Jonathan"]
[Black "Olson, David R"]
[Result "0-1"]
[WhiteElo "1421"]
[BlackElo "1400"]
[PlyCount "29"]
[EventDate "2016.01.05"]
[EventType "swiss"]
[EventRounds "8"]
[EventCountry "USA"]
[SourceTitle "EXT 2018"]
[Source "ChessBase"]
[SourceDate "2017.10.13"]
[SourceVersion "1"]
[SourceVersionDate "2017.10.13"]
[SourceQuality "1"]

1. e4 e5 2. Nf3 d6 3. d4 exd4 4. Nxd4 Nd7 5. Nc3 a6 6. Bc4 Ngf6 7. Bg5 Ne5 8. Bb3 c5 9. Nf3 Be6 10. Bxe6 fxe6 11. Nxe5 dxe5 12. Qxd8+ Rxd8 13. 0-0 h6 14. Bh4 Rd2 15. f4 0-1

[Event "San Francisco TNM Fall op"]
[Site "San Francisco"]
[Date "2015.10.27"]
[Round "2"]
[White "Olson, David R"]
[Black "Rakonitz, David"]
[Result "0-1"]
[WhiteElo "1468"]
[BlackElo "1597"]
[PlyCount "108"]
[EventDate "2015.10.20"]
[EventType "swiss"]
[EventRounds "9"]
[EventCountry "USA"]
[SourceTitle "EXT 2023"]
[Source "ChessBase"]
[SourceDate "2022.10.05"]
[SourceVersion "1"]
[SourceVersionDate "2022.10.05"]
[SourceQuality "1"]

1. Nf3 Nf6 2. c4 e6 3. g3 d5 4. cxd5 exd5 5. Bg2 Be7 6. d4 0-0 7. 0-0 c6 8. Nc3 Bf5 9. Nh4 Be6 10. f4 Ne8 11. Nf3 Nd6 12. Qc2 Bf5 13. Qd2 h6 14. b3 Ne4 15. Nxe4 Bxe4 16. a4 Na6 17. Ba3 Re8 18. Bxe7 Qxe7 19. Ra2 Qb4 20. Qxb4 Nxb4 21. Rb2 Nc2 22. Rc1 Ne3 23. Bh3 Bf5 24. Bxf5 Nxf5 25. Kf2 Re4 26. Rc3 Nxd4 27. Nxd4 Rxd4 28. Re3 Kf8 29. Re5 Re8 30. Rxe8+ Kxe8 31. e3 Re4 32. b4 Kd7 33. g4 g6 34. h4 Ke6 35. a5 a6 36. Kf3 f5 37. g5 h5 38. Rb3 Rc4 39. Rb1 Rc2 40. Rb3 Rh2 41. Kg3 Rh1 42. Rb2 Rc1 43. Rb3 Kd6 44. Rb2 Rc4 45. Rb3 Kc7 46. Rb2 b6 47. Rb3 bxa5 48. bxa5 Ra4 49. Rb1 Rxa5 50. Rb2 Ra4 51. Rb1 a5 52. Rb2 Rb4 53. Ra2 Kb6 54. Ra1 Kb5 0-1

[Event "San Francisco TNM Fall op"]
[Site "San Francisco"]
[Date "2015.10.20"]
[Round "1"]
[White "Krasnov, Steven Lender"]
[Black "Olson, David R"]
[Result "1-0"]
[WhiteElo "1921"]
[BlackElo "1468"]
[PlyCount "61"]
[EventDate "2015.10.20"]
[EventType "swiss"]
[EventRounds "9"]
[EventCountry "USA"]
[SourceTitle "EXT 2023"]
[Source "ChessBase"]
[SourceDate "2022.10.05"]
[SourceVersion "1"]
[SourceVersionDate "2022.10.05"]
[SourceQuality "1"]

1. Nf3 c5 2. e4 g6 3. Nc3 Bg7 4. g3 Nc6 5. Bg2 Nd4 6. d3 e5 7. 0-0 Nf6 8. Nxe5 0-0 9. Nf3 b6 10. e5 Nh5 11. g4 Bb7 12. gxh5 Qc7 13. Re1 Rfe8 14. hxg6 fxg6 15. Bf4 Rf8 16. Nxd4 cxd4 17. Nb5 Qc5 18. Bxb7 Qxb5 19. Bxa8 Rxf4 20. Qe2 Qc5 21. Rac1 Bh6 22. c4 Qe7 23. Bd5+ Kg7 24. Rc2 Qf8 25. Kh1 Rh4 26. e6 dxe6 27. Qxe6 Qd8 28. Qe7+ Qxe7 29. Rxe7+ Kf6 30. Rf7+ Kg5 31. Rxh7 1-0

[Event "San Francisco Leighton Memorial"]
[Site "San Francisco"]
[Date "2015.09.08"]
[Round "6"]
[White "Olson, David R"]
[Black "Nassif, Wassim J"]
[Result "0-1"]
[WhiteElo "1468"]
[BlackElo "1368"]
[PlyCount "72"]
[EventDate "2015.08.04"]
[EventType "swiss"]
[EventRounds "9"]
[EventCountry "USA"]
[SourceTitle "EXT 2023"]
[Source "ChessBase"]
[SourceDate "2022.10.05"]
[SourceVersion "1"]
[SourceVersionDate "2022.10.05"]
[SourceQuality "1"]

1. e4 e5 2. Bc4 Nf6 3. d3 d5 4. exd5 Nxd5 5. a3 Bc5 6. Nf3 0-0 7. Bg5 f6 8. Bh4 Bg4 9. Nc3 c6 10. Ne4 Be7 11. 0-0 f5 12. Bxe7 Qxe7 13. Ng3 e4 14. dxe4 fxe4 15. Bxd5+ cxd5 16. Qxd5+ Qe6 17. Qxb7 Nc6 18. Ng5 Rfb8 19. Nxe6 Rxb7 20. Nc5 Rxb2 21. Ncxe4 Rxc2 22. Rac1 Nd4 23. Rxc2 Nxc2 24. h3 Bd7 25. Nc5 Bb5 26. a4 Bxf1 27. Kxf1 Re8 28. f3 Re1+ 29. Kf2 Ra1 30. Nge4 Nd4 31. Nc3 Rc1 32. N5e4 a5 33. h4 Ne6 34. Ke3 Nc5 35. h5 Nxe4 36. fxe4 Rxc3+ 0-1

[Event "San Francisco TNM Summer op"]
[Site "San Francisco"]
[Date "2015.06.02"]
[Round "2"]
[White "Olson, David R"]
[Black "Chan, John"]
[Result "0-1"]
[WhiteElo "1400"]
[BlackElo "1552"]
[PlyCount "116"]
[EventDate "2015.05.26"]
[EventType "swiss"]
[EventRounds "8"]
[EventCountry "USA"]
[SourceTitle "EXT 2016"]
[Source "ChessBase"]
[SourceDate "2015.10.08"]
[SourceVersion "1"]
[SourceVersionDate "2015.10.08"]
[SourceQuality "1"]

1. c4 Nf6 2. Nf3 c6 3. g3 d6 4. Bg2 e5 5. d3 h6 6. 0-0 Be6 7. Nbd2 Be7 8. b4 Nbd7 9. a4 0-0 10. Bb2 Rb8 11. Rb1 a6 12. h3 Nh5 13. Kh2 f5 14. d4 e4 15. Ng1 d5 16. c5 Qe8 17. e3 Qg6 18. Ne2 Ndf6 19. f4 Kh7 20. Rg1 Qf7 21. Bh1 g5 22. fxg5 hxg5 23. a5 Rh8 24. Nc3 Kg6 25. Nf1 Qh7 26. Bg2 Ng7 27. Rh1 Bd8 28. Kg1 Bc7 29. Qe1 Kf7 30. Kf2 Ke7 31. Ke2 Rbf8 32. Qf2 f4 33. gxf4 gxf4 34. exf4 Nf5 35. Kd1 Rhg8 36. Rh2 Qh5+ 37. Kc2 Qh6 38. Bc1 Qg6 39. Ne3 Nxd4+ 40. Kb2 Nf5 41. Nxf5+ Bxf5 42. Be3 Qh5 43. Bf1 Qh6 44. Be2 Qg6 45. Rg1 Qh6 46. Rg5 Ke6 47. Bg4 Nh7 48. Rxg8 Rxg8 49. Bxf5+ Kxf5 50. h4 Qh5 51. Qe2 Rg4 52. Bd2 Bxf4 53. Rf2 Qxh4 54. Be3 Ng5 55. Qd2 Nf3 56. Bxf4 Rxf4 57. Qe3 d4 58. Qe1 dxc3+ 0-1

[Event "San Francisco TNM Summer op"]
[Site "San Francisco"]
[Date "2015.05.26"]
[Round "1"]
[White "Melville, Cailen"]
[Black "Olson, David R"]
[Result "1-0"]
[WhiteElo "1783"]
[BlackElo "1400"]
[PlyCount "51"]
[EventDate "2015.05.26"]
[EventType "swiss"]
[EventRounds "8"]
[EventCountry "USA"]
[SourceTitle "EXT 2016"]
[Source "ChessBase"]
[SourceDate "2015.10.08"]
[SourceVersion "1"]
[SourceVersionDate "2015.10.08"]
[SourceQuality "1"]

1. d4 Nf6 2. c4 d5 3. cxd5 Nxd5 4. Nf3 g6 5. e4 Nf6 6. Nc3 Bg7 7. Bc4 e6 8. Bg5 h6 9. Be3 0-0 10. Qd2 Ng4 11. Bf4 Kh7 12. e5 h5 13. Ne4 f5 14. Neg5+ Kg8 15. h3 Bh6 16. hxg4 fxg4 17. Nxe6 Bxf4 18. Nxd8+ Kh8 19. Qb4 Rxd8 20. Qe7 Nc6 21. Qf6+ Kh7 22. Qf7+ Kh6 23. Qxf4+ Kg7 24. Qf6+ Kh7 25. Rxh5+ gxh5 26. Ng5# 1-0

[Event "San Francisco TNM Spring op"]
[Site "San Francisco"]
[Date "2015.04.28"]
[Round "7"]
[White "McCarty Snead, Fianna P"]
[Black "Olson, David R"]
[Result "0-1"]
[WhiteElo "638"]
[BlackElo "1426"]
[PlyCount "41"]
[EventDate "2015.03.17"]
[EventType "swiss"]
[EventRounds "8"]
[EventCountry "USA"]
[SourceTitle "EXT 2016"]
[Source "ChessBase"]
[SourceDate "2015.10.08"]
[SourceVersion "1"]
[SourceVersionDate "2015.10.08"]
[SourceQuality "1"]

1. e4 e5 2. Nf3 d6 3. Bc4 Be6 4. Bxe6 fxe6 5. d3 Ne7 6. Bg5 h6 7. Bxe7 Bxe7 8. Qd2 Nd7 9. Nc3 0-0 10. 0-0 c6 11. Qe3 Nf6 12. Nh4 Nxe4 13. Ng6 Ng5 14. Nxf8 Qxf8 15. Rfe1 Qf5 16. Qe2 Bf6 17. Qh5 Rf8 18. Na4 g6 19. Qxh6 Rf7 20. Qh4 Rh7 21. Qg3 0-1

[Event "San Francisco TNM Spring op"]
[Site "San Francisco"]
[Date "2015.04.14"]
[Round "5"]
[White "Olson, David R"]
[Black "Henriques, Keith"]
[Result "1-0"]
[WhiteElo "1426"]
[BlackElo "144"]
[PlyCount "47"]
[EventDate "2015.03.17"]
[EventType "swiss"]
[EventRounds "8"]
[EventCountry "USA"]
[SourceTitle "EXT 2016"]
[Source "ChessBase"]
[SourceDate "2015.10.08"]
[SourceVersion "1"]
[SourceVersionDate "2015.10.08"]
[SourceQuality "1"]

1. c4 e5 2. g3 Nc6 3. Bg2 d6 4. d3 Bf5 5. Nc3 Nf6 6. Bg5 h6 7. Bd2 Qd7 8. Nd5 Nxd5 9. cxd5 Ne7 10. e4 Bg6 11. Bh3 f5 12. g4 Qd8 13. gxf5 c6 14. fxg6 Nxg6 15. Qg4 Ne7 16. Qe6 Qd7 17. Qxd7+ Kf7 18. Nf3 g6 19. Qxb7 Re8 20. dxc6 h5 21. Ng5+ Kg7 22. c7 Kg8 23. c8Q Rxc8 24. Bxc8 1-0

[Event "San Francisco TNM Winter op"]
[Site "San Francisco"]
[Date "2015.01.13"]
[Round "2"]
[White "Olson, David R"]
[Black "Ho, Stephen R"]
[Result "0-1"]
[WhiteElo "1400"]
[BlackElo "1636"]
[PlyCount "62"]
[EventDate "2015.01.06"]
[EventType "swiss"]
[EventRounds "8"]
[EventCountry "USA"]
[SourceTitle "EXT 2016"]
[Source "ChessBase"]
[SourceDate "2015.10.08"]
[SourceVersion "1"]
[SourceVersionDate "2015.10.08"]
[SourceQuality "1"]

1. Nf3 b5 2. g3 Bb7 3. Bg2 c5 4. 0-0 Nf6 5. d3 d5 6. Re1 e6 7. Bg5 Be7 8. Nbd2 0-0 9. Ne5 h6 10. Bxf6 Bxf6 11. Ng4 Nd7 12. e4 dxe4 13. Nxe4 Bd5 14. c3 Be7 15. f4 f5 16. Nxh6+ gxh6 17. Nf2 Nf6 18. Qe2 Kf7 19. c4 bxc4 20. dxc4 Be4 21. Rad1 Qb6 22. Nxe4 fxe4 23. g4 Rg8 24. h3 Rad8 25. Rc1 Rd4 26. b3 Qd6 27. Rc2 Qxf4 28. Rf1 Qe5 29. Qe3 Bd6 30. Qxh6 Qh2+ 31. Kf2 Bg3+ 0-1